| 000 | 00964cam a2200217 4500 | ||
|---|---|---|---|
| 001 | WB3837-21 | ||
| 008 | 021010n2002 000 0 eng u | ||
| 035 | _a(Sirsi) u120058 | ||
| 245 | _aFaster property searches | ||
| 260 | _c2002 | ||
| 490 |
_aLord Chancellor`s Department Press Notice _v (350A-02) 8 October 2002, (2) |
||
| 520 | _aGovernment ministers praise local authorities which have signed up to National Land Information Service (NLIS) which enables homebuyers to benefit from high speed, high technology property searches. More information available from www.nlis.org.uk LCD Press notice http://213.38.88.195/coi/coipress.nsf/3125f7fc7de1d0fb80256bf4003374ad/5a45583a916a152080256c4d002d4056?OpenDocument | ||
| 590 | _aWB | ||
| 650 | _aNATIONAL LAND INFORMATION SERVICE | ||
| 650 | _aNATIONAL LAND INFORMATION SERVICE | ||
| 650 | _aPROPERTY SEARCHES | ||
| 650 | _aHOMEBUYERS | ||
| 650 | _aCONVEYANCING | ||
| 690 | _aPROPERTY | ||
| 942 | _n0 | ||
| 999 |
_c71335 _d71335 |
||